| 000 -LEADER |
| fixed length control field |
02005cam a2200385 a 4500 |
| 001 - CONTROL NUMBER |
| control field |
14979953 |
| 005 - DATE AND TIME OF LATEST TRANSACTION |
| control field |
20161118094059.0 |
| 008 - FIXED-LENGTH DATA ELEMENTS--GENERAL INFORMATION |
| fixed length control field |
070824s2009 enkab b 001 0 eng |
| 010 ## - LIBRARY OF CONGRESS CONTROL NUMBER |
| LC control number |
2007035498 |
| 020 ## - INTERNATIONAL STANDARD BOOK NUMBER |
| International Standard Book Number |
9780521832571 (hardback) |
| 020 ## - INTERNATIONAL STANDARD BOOK NUMBER |
| International Standard Book Number |
0521832578 (hardback) |
| 035 ## - SYSTEM CONTROL NUMBER |
| System control number |
(OCoLC)167512809 |
| 035 ## - SYSTEM CONTROL NUMBER |
| System control number |
(OCoLC)ocn167512809 |
| 040 ## - CATALOGING SOURCE |
| Original cataloging agency |
DLC |
| Transcribing agency |
DLC |
| Modifying agency |
BTCTA |
| -- |
BAKER |
| -- |
YDXCP |
| -- |
OCLCG |
| -- |
C#P |
| -- |
BWX |
| -- |
UPP |
| -- |
DLC |
| 043 ## - GEOGRAPHIC AREA CODE |
| Geographic area code |
e-gr--- |
| -- |
aw----- |
| -- |
a-iq--- |
| 050 00 - LIBRARY OF CONGRESS CALL NUMBER |
| Classification number |
N5630 |
| Item number |
.G84 2009 |
| 100 1# - MAIN ENTRY--PERSONAL NAME |
| Personal name |
Gunter, Ann C. |
| Dates associated with a name |
1951- |
| 245 10 - TITLE STATEMENT |
| Title |
Greek art and the Orient / |
| Statement of responsibility, etc. |
Ann C. Gunter. |
| 260 ## - PUBLICATION, DISTRIBUTION, ETC. (IMPRINT) |
| Place of publication, distribution, etc. |
Cambridge ; |
| -- |
New York : |
| Name of publisher, distributor, etc. |
Cambridge University Press, |
| Date of publication, distribution, etc. |
c2009. |
| 300 ## - PHYSICAL DESCRIPTION |
| Extent |
xiv, 257 p. : |
| Other physical details |
ill., maps ; |
| Dimensions |
27 cm. |
| 504 ## - BIBLIOGRAPHY, ETC. NOTE |
| Bibliography, etc |
Includes bibliographical references (p. 235-252) and index. |
| 505 0# - FORMATTED CONTENTS NOTE |
| Formatted contents note |
Art and 'Assyrianization' along the imperial frontiers -- Conceptual geographies and frameworks -- Defining and interpreting styles -- Gifts, exchange, and acquisition -- Imperial ideologies and modes of appropriation. |
| 650 #0 - SUBJECT ADDED ENTRY--TOPICAL TERM |
| Topical term or geographic name as entry element |
Art, Ancient |
| Geographic subdivision |
Greece. |
| 650 #0 - SUBJECT ADDED ENTRY--TOPICAL TERM |
| Topical term or geographic name as entry element |
Art, Greek |
| General subdivision |
Middle Eastern influences. |
| 650 #0 - SUBJECT ADDED ENTRY--TOPICAL TERM |
| Topical term or geographic name as entry element |
Art, Assyro-Babylonian |
| General subdivision |
Influence. |
| 651 #0 - SUBJECT ADDED ENTRY--GEOGRAPHIC NAME |
| Geographic name |
Greece |
| General subdivision |
Relations |
| Geographic subdivision |
Middle East. |
| 651 #0 - SUBJECT ADDED ENTRY--GEOGRAPHIC NAME |
| Geographic name |
Middle East |
| General subdivision |
Relations |
| Geographic subdivision |
Greece. |
| 856 42 - ELECTRONIC LOCATION AND ACCESS |
| Materials specified |
Contributor biographical information |
| Uniform Resource Identifier |
<a href="http://www.loc.gov/catdir/enhancements/fy0805/2007035498-b.html">http://www.loc.gov/catdir/enhancements/fy0805/2007035498-b.html</a> |
| 856 42 - ELECTRONIC LOCATION AND ACCESS |
| Materials specified |
Publisher description |
| Uniform Resource Identifier |
<a href="http://www.loc.gov/catdir/enhancements/fy0805/2007035498-d.html">http://www.loc.gov/catdir/enhancements/fy0805/2007035498-d.html</a> |
| 856 41 - ELECTRONIC LOCATION AND ACCESS |
| Materials specified |
Table of contents only |
| Uniform Resource Identifier |
<a href="http://www.loc.gov/catdir/enhancements/fy0805/2007035498-t.html">http://www.loc.gov/catdir/enhancements/fy0805/2007035498-t.html</a> |
| 942 ## - ADDED ENTRY ELEMENTS (KOHA) |
| Source of classification or shelving scheme |
|
| Koha item type |
Hard Covered Materials |
| Classification part |
N5630 .G84 2009 |